Statistics for 2018's Top 100 Wealthiest Brands

Click here to take the quiz!

General Stats

  • This quiz has been taken 55 times
  • The average score is 33 of 100

Answer Stats

HintAnswer% Correct
$182.8 BApple
94%
$47.6 BSamsung
92%
$104.9 BMicrosoft
88%
$41.4 BMcDonald's
86%
$44.7 BToyota
80%
$14.1 BFord
78%
$132.1 BGoogle
78%
$24.9 BWalmart
78%
$70.9 BAmazon
73%
$31.4 BBMW
67%
$57.3 BCoca-Cola
65%
$25.5 BHonda
65%
$94.8 BFacebook
63%
$10.2 BSony
63%
$34.4 BMercedes-Benz
61%
$7.9 BVolkswagen
61%
$18.4 BPepsi
59%
$32 BNike
57%
$9.5 BAdidas
55%
$8.7 BHyundai
55%
$37.2 BGE
53%
$47.5 BDisney
49%
$14.9 BGucci
47%
$14.8 BAudi
45%
$12.4 BHP
43%
$7.4 BKFC
43%
$11.5 BNetflix
43%
$9.4 BNissan
43%
$13 BH&M
41%
$33.6 BLouis Vuitton
41%
$7.5 BDell
39%
$10.4 BBank of America
37%
$32.1 BIBM
37%
$11.7 BNestle
37%
$41.9 BAT&T
35%
$10.3 BEbay
35%
$8.4 BHuawei
35%
$14.5 BIKEA
35%
$7.8 BPanasonic
35%
$16.2 BStarbucks
35%
$13 BZara
35%
$23.1 BAmerican Express
33%
$8 BChanel
33%
$9.3 BRolex
33%
$24.5 BVisa
33%
$8.1 BBoeing
31%
$34.1 BIntel
31%
$12.4 BMastercard
31%
$11.5 BChevrolet
29%
$11 BPorsche
29%
$12.8 BSiemens
29%
$31.4 BVerizon
29%
$32.4 BCisco
27%
$11.9 BHSBC
27%
$10.1 BCiti
24%
$8.3 BFedEx
24%
$11.7 BFox
24%
$11.9 BJ.P. Morgan
24%
$17.2 BL'Oréal
24%
$16.4 BHome Depot
22%
$30.8 BOracle
22%
$8.3 BAdobe
20%
$10.6 BCartier
20%
$8.2 BGoldman Sachs
20%
$13.3 BUPS
20%
$17.1 BGillette
18%
$15.3 BHermès
18%
$8.8 BKraft
18%
$7.8 BLEGO
18%
$7.5 BPayPal
18%
$13.5 BWells Fargo
18%
$25.5 BBudweiser
16%
$8 BCostco
16%
$9.5 BLexus
16%
$7.7 BPhilips
16%
$8.2 BHeineken
14%
$8.2 BKellogg's
14%
$17.1 BNescafe
14%
$8.7 BSantander
14%
$7.6 BAllianz
12%
$10 BColgate
12%
$13.2 BCVS
12%
$7.5 BWalgreens
12%
$8.8 BCorona
10%
$14.6 BESPN
10%
$26.6 BMarlboro
10%
$7.9 BNivea
10%
$10.4 BRed Bull
10%
$26.2 BSAP
10%
$9 BT-Mobile
10%
$14.8 BAccenture
8%
$8.6 BBASF
8%
$10 BDanone
8%
$8.5 BLowe's
8%
$14.4 BFrito-Lay
6%
$11.4 BPampers
6%
$7.5 BUniqlo
6%
$10.2 BChase
4%
$7.7 BRBC
4%
$8 BLancome
2%

Score Distribution

Percentile by Number Answered

Percent of People with Each Score

Your Score History

You have not taken this quiz